[Event "ECC"]
[Site "Panormo GRE"]
[Date "2001.09.27"]
[Round "5"]
[White "Hedman,E"]
[Black "Salai,L"]
[Result "1/2-1/2"]
[WhiteElo "2354"]
[BlackElo "2418"]
[EventDate "2001.09.22"]

1. d4 Nf6 2. c4 g6 3. Nc3 Bg7 4. e4 d6 5. Bd3 O-O 6. Nge2 c5 7. d5 e6 8.
O-O exd5 9. cxd5 Re8 10. Ng3 a6 11. a4 Qc7 12. h3 Nbd7 13. Be3 b6 14. Qe2
Ne5 15. Bc2 c4 16. f4 Ned7 17. Qf2 Rb8 18. Bd4 Rb7 19. Kh1 b5 20. axb5 axb5
21. Ra7 Qb8 22. Rxb7 Qxb7 23. b4 cxb3 24. Bd3 h5 25. Re1 h4 26. Nf1 Nc5 27.
Bxc5 dxc5 28. Qxc5 Bd7 29. e5 Nh5 30. Qb4 Rc8 31. Re4 Bf5 32. Rd4 Bxd3 33.
Rxd3 Rc4 34. Qxb3 Rxf4 35. Rd1 Bxe5 36. Ne2 Rf6 37. Qe3 Bd6 38. Nh2 Qe7 39.
Qxe7 Bxe7 40. Ng4 Ra6 41. Nc3 Ng3+ 42. Kh2 f5 43. Nf2 b4 44. Nb5 Rb6 45. d6
Bd8 46. Nc7 Kf7 47. Nd3 b3 48. Ne5+ Kg8 49. Nc4 Rb4 50. Nb2 Kf7 51. Nd3 Rb6
52. Ne5+ Kg8 53. Nc4 Rb4 54. Nb2 Re4 55. Nb5 f4 56. Nd4 Kf8 57. d7 Kg7 58.
Na4 Nf1+ 59. Kg1 Ne3 60. Nc5 Nxd1 61. Nxe4 b2 62. Ne6+ Kh6 63. Nd2 Bb6+ 64.
Kh1 Nc3 65. d8=Q Bxd8 66. Nxd8 b1=Q+ 67. Nxb1 Nxb1 68. Ne6 g5 69. Kg1 Nd2
1/2-1/2

[Event "ECC"]
[Site "Panormo GRE"]
[Date "2001.09.27"]
[Round "5"]
[White "Petran,Pe"]
[Black "Sjoberg,M"]
[Result "0-1"]
[WhiteElo "2364"]
[BlackElo "2349"]
[EventDate "2001.09.22"]

1. g3 c5 2. Bg2 Nf6 3. e4 Nc6 4. Nc3 d6 5. d3 g6 6. f4 Bg7 7. Nf3 Bg4 8.
O-O Nd4 9. Be3 Nd7 10. Qd2 Bxf3 11. Bxf3 b5 12. Bg2 O-O 13. e5 Rb8 14. exd6
exd6 15. g4 Qa5 16. f5 Rbe8 17. Rae1 Qb4 18. Nd5 Qxd2 19. Bxd2 Rxe1 20.
Bxe1 Nxc2 21. Bc3 Bd4+ 22. Bxd4 Nxd4 23. Be4 Ne5 24. h3 gxf5 25. gxf5 Kh8
26. Kf2 Rg8 27. Ne7 Re8 28. f6 Nd7 29. Nd5 Rg8 30. Ke1 Ne5 31. Rf4 Rg3 32.
Ne7 Rxd3 33. Bxh7 Ndf3+ 34. Ke2 Kxh7 35. Kf2 Rd4 36. Rf5 Rh4 37. Kg3 Rh6
38. Nd5 Kg6 0-1

[Event "ECC"]
[Site "Panormo GRE"]
[Date "2001.09.27"]
[Round "5"]
[White "Olsson,An"]
[Black "Banas,J"]
[Result "1/2-1/2"]
[WhiteElo "2265"]
[BlackElo "2361"]
[EventDate "2001.09.22"]

1. e4 c5 2. Nf3 d6 3. d4 cxd4 4. Nxd4 Nf6 5. Nc3 Nc6 6. g3 g6 7. Bg2 Nxd4
8. Qxd4 Bg7 9. Bg5 O-O 10. Qd2 Be6 11. O-O Ng4 12. h3 Ne5 13. Qc1 Nc4 14.
Bh6 Bxh6 15. Qxh6 Nxb2 16. Rab1 Rc8 17. Ne2 Bc4 18. Rfe1 Qa5 19. Nf4 Na4
20. Re3 Nb6 21. a4 Qxa4 22. e5 d5 23. e6 Qxc2 24. Rbe1 Qf5 25. h4 Qf6 26.
Bh3 d4 27. Re5 Rcd8 28. exf7+ Rxf7 29. h5 Qg7 30. Qg5 h6 31. Qxg6 Qxg6 32.
hxg6 Rg7 33. Ne6 Bxe6 34. Bxe6+ Kh8 35. Bf7 Nc8 36. Rd1 Nd6 37. Rxd4 Nxf7
38. gxf7 Rf8 39. Rd7 Rfxf7 40. Rxb7 a6 41. Re6 Kh7 1/2-1/2

[Event "ECC"]
[Site "Panormo GRE"]
[Date "2001.09.27"]
[Round "5"]
[White "Storland,K"]
[Black "Tisdall,J"]
[Result "0-1"]
[WhiteElo "2282"]
[BlackElo "2492"]
[EventDate "2001.09.22"]

1. c4 b6 2. g3 Bb7 3. Nf3 c5 4. Bg2 g6 5. d4 cxd4 6. Qxd4 Nf6 7. b3 Bg7 8.
Bb2 d6 9. Nc3 Nbd7 10. O-O O-O 11. Rac1 Rc8 12. Rfd1 Ne4 13. Qe3 Nxc3 14.
Bxc3 Nf6 15. Nd4 Bxg2 16. Kxg2 Qd7 17. Ba1 Rc5 18. f3 Rh5 19. h4 Bh6 20. f4
e5 21. Nb5 exf4 22. Qf3 Ng4 23. gxf4 Rxh4 24. Nxd6 Ne3+ 25. Qxe3 Qg4+ 26.
Kf1 Rh1+ 27. Kf2 Rh2+ 28. Ke1 Bxf4 29. Qf3 Qg1+ 30. Qf1 Rxe2+ 0-1

[Event "ECC"]
[Site "Panormo GRE"]
[Date "2001.09.27"]
[Round "5"]
[White "Elseth,R"]
[Black "Harestad,H"]
[Result "1-0"]
[WhiteElo "2358"]
[BlackElo "2196"]
[EventDate "2001.09.22"]

1. e4 e5 2. Nf3 Nc6 3. Bb5 a6 4. Ba4 Nf6 5. O-O b5 6. Bb3 Be7 7. Re1 d6 8.
c3 O-O 9. h3 Na5 10. Bc2 c5 11. d4 Qc7 12. Nbd2 Nc6 13. d5 Nd8 14. a4 Ra7
15. Nf1 Ne8 16. Ng3 g6 17. Bh6 Ng7 18. Nh2 f6 19. Qe2 Bd7 20. axb5 axb5 21.
Bd3 c4 22. Bc2 Nf7 23. Be3 Ra5 24. Ng4 Rfa8 25. Rxa5 Rxa5 26. Nh6+ Nxh6 27.
Bxh6 Ra2 28. Rb1 Qa5 29. Qd1 Bd8 30. Be3 Bb6 31. Bd2 Qa7 32. Be1 Ne8 33.
Qd2 Nc7 34. Ne2 Na6 35. Nc1 Ra5 36. Qe2 Nc5 37. b4 cxb3 38. Nxb3 Ra2 39.
Nc1 Ra1 40. Rxa1 Qxa1 41. Nb3 Qb2 42. Nxc5 dxc5 43. Bd3 Qa1 44. Kh2 Qa4 45.
Qb2 Bc7 46. Bc2 Qa6 47. Bd2 Bd6 48. Bd3 Qa4 49. Be3 Kf7 50. f3 f5 51. Qf2
Qa5 52. Bxc5 Qc7 53. Bxd6 Qxd6 54. Qh4 h5 55. Qd8 Qe7 56. Qc7 f4 57. d6 Qe8
58. Bxb5 Ke6 59. c4 1-0

[Event "ECC"]
[Site "Panormo GRE"]
[Date "2001.09.27"]
[Round "5"]
[White "Vestly,J"]
[Black "Grotnes,N"]
[Result "1-0"]
[WhiteElo "2109"]
[BlackElo "2291"]
[EventDate "2001.09.22"]

1. d4 d5 2. Nf3 c6 3. Bf4 Qb6 4. Qc1 Bf5 5. Nbd2 e6 6. e3 c5 7. c3 h6 8.
Be2 Nc6 9. Ne5 cxd4 10. exd4 Nge7 11. Ndf3 Rc8 12. Qd2 Na5 13. b3 Ng6 14.
Nxg6 Bxg6 15. Ne5 Be4 16. O-O Be7 17. Bh5 O-O 18. Nd7 Qc6 19. Nxf8 Bxf8 20.
c4 b6 21. c5 Nb7 22. b4 a5 23. a3 a4 24. cxb6 Qxb6 25. Rac1 Rc4 26. Rfd1 g5
27. Be5 Nd6 28. Be2 Rc6 29. Rxc6 Qxc6 30. Rc1 1-0

[Event "ECC"]
[Site "Panormo GRE"]
[Date "2001.09.27"]
[Round "5"]
[White "Oral,T"]
[Black "O'Connor,Jon"]
[Result "1-0"]
[WhiteElo "2540"]
[BlackElo "2165"]
[EventDate "2001.09.22"]

1. e4 e6 2. d4 d5 3. Nd2 Nf6 4. e5 Nfd7 5. Bd3 c5 6. c3 Nc6 7. Ne2 cxd4 8.
cxd4 f6 9. exf6 Nxf6 10. Nf3 Qc7 11. O-O Bd6 12. Bg5 O-O 13. Bh4 Nh5 14.
Qc2 h6 15. Bg6 Rxf3 16. gxf3 Bxh2+ 17. Kh1 Nf4 18. Ng3 Qd6 19. Rad1 e5 20.
Bh7+ Kh8 21. dxe5 Nxe5 22. Rfe1 Bh3 23. Rxe5 Qxe5 24. Kxh2 g5 25. Bf5 gxh4
26. Bxh3 hxg3+ 27. fxg3 Nh5 28. f4 Qe3 29. Rd3 Qe1 30. Bg2 Rd8 31. Qc3+
Qxc3 32. bxc3 Nf6 33. c4 d4 34. Bxb7 Rd7 35. Bf3 Kg7 36. g4 Kg6 37. Kg3 Kf7
38. g5 hxg5 39. fxg5 Ne8 40. Bd5+ Kg6 41. Kg4 1-0

[Event "ECC"]
[Site "Panormo GRE"]
[Date "2001.09.27"]
[Round "5"]
[White "Keogh,E"]
[Black "Ftacnik,L"]
[Result "0-1"]
[WhiteElo "2152"]
[BlackElo "2580"]
[EventDate "2001.09.22"]

1. e4 c5 2. Nc3 a6 3. g3 b5 4. Bg2 Bb7 5. d3 e6 6. f4 Nf6 7. Nf3 d6 8. O-O
Be7 9. h3 Nbd7 10. Ne2 h5 11. a4 b4 12. a5 Qc7 13. c3 c4 14. Ng5 Nc5 15.
cxb4 Nxd3 16. Be3 d5 17. Bb6 Qd7 18. e5 Nh7 19. Nxh7 Rxh7 20. b3 Bxb4 21.
Qc2 Rc8 22. f5 Rh6 23. Nd4 Nxe5 24. Qe2 Bd6 25. Qe3 cxb3 26. Qg5 f6 27. Qh4
exf5 28. Nxf5 Rc4 29. g4 Rh8 30. Rae1 Bb8 31. Qg3 hxg4 32. hxg4 Kf7 33.
Qxb3 Rxg4 34. Rd1 Nc4 35. Rf3 Rh2 36. Ng3 Rh6 37. Bf2 Be5 38. Rfd3 Nxa5 39.
Rxd5 Bxd5 40. Bxd5+ Kf8 41. Bc5+ Ke8 42. Bc6 Rxg3+ 43. Qxg3 Qxc6 0-1

[Event "ECC"]
[Site "Panormo GRE"]
[Date "2001.09.27"]
[Round "5"]
[White "Quinn,M"]
[Black "Sherwin,J"]
[Result "1/2-1/2"]
[WhiteElo "2386"]
[BlackElo "2359"]
[EventDate "2001.09.22"]

1. c4 Nf6 2. Nc3 e5 3. Nf3 Nc6 4. g3 Bb4 5. Bg2 O-O 6. O-O Re8 7. d3 Bxc3
8. bxc3 e4 9. Ng5 exd3 10. exd3 d6 11. h3 Bd7 12. Rb1 Rb8 13. g4 b6 14. Rb2
h6 15. Nf3 Nh7 16. Be3 f5 17. Nh2 Qf6 18. Qd2 Re7 19. f4 Rbe8 20. Rf3 Qf8
21. Rg3 Nf6 22. Nf1 Nd8 23. g5 Nh5 24. Bd5+ Be6 25. Rf3 Bxd5 26. cxd5 hxg5
27. fxg5 Qf7 28. c4 Qg6 29. Qf2 1/2-1/2

[Event "ECC"]
[Site "Panormo GRE"]
[Date "2001.09.27"]
[Round "5"]
[White "Barber,H"]
[Black "Dunworth,C"]
[Result "0-1"]
[WhiteElo "2319"]
[BlackElo "2289"]
[EventDate "2001.09.22"]

1. f4 g6 2. Nf3 Bg7 3. g3 d6 4. Nc3 e5 5. d3 Nc6 6. Bg2 Nge7 7. O-O O-O 8.
e4 Nd4 9. Be3 Bg4 10. Qd2 Qd7 11. Nh4 c6 12. Kh1 Kh8 13. Nd1 exf4 14. Bxf4
f5 15. Nf2 fxe4 16. Nxe4 d5 17. Nc5 Qc8 18. Rae1 Ng8 19. Be5 Rxf1+ 20. Bxf1
Bxe5 21. Rxe5 Qf8 22. Qf4 Qxf4 23. gxf4 b6 24. Nb3 Nxb3 25. cxb3 Rf8 26. f5
Bxf5 27. Be2 Bd7 28. Kg1 Re8 29. Nf3 Kg7 30. b4 Rxe5 31. Nxe5 Be8 32. d4
Ne7 33. Bg4 h5 34. Bh3 g5 35. Kf2 g4 36. Bf1 Nf5 37. Bd3 Nxd4 38. Ke3 Ne6
39. Bf5 Kf6 40. Bxe6 Kxe5 0-1

[Event "ECC"]
[Site "Panormo GRE"]
[Date "2001.09.28"]
[Round "6"]
[White "Georgiev,Ki"]
[Black "Timoshenko,G"]
[Result "1/2-1/2"]
[WhiteElo "2695"]
[BlackElo "2554"]
[EventDate "2001.09.22"]

1. d4 Nf6 2. c4 e6 3. g3 d5 4. Bg2 dxc4 5. Nf3 Nc6 6. Qa4 Bb4+ 7. Bd2 Nd5
8. Bxb4 Ndxb4 9. a3 b5 10. Qxb5 Nc2+ 11. Kd2 Nxa1 12. Qxc6+ Bd7 13. Qxc4 c5
14. Qa2 Qa5+ 15. Nc3 cxd4 16. Nxd4 Rd8 17. Rxa1 e5 18. b4 Qb6 19. Nc2 Be6+
20. Bd5 Qxf2 21. Rd1 O-O 22. Kc1 Bxd5 23. Nxd5 Kh8 24. Qc4 Qxh2 25. g4 Qg2
26. Nde3 Rxd1+ 27. Kxd1 Qh1+ 28. Kd2 h5 29. Qc7 hxg4 30. Nxg4 Qd5+ 31. Kc1
Qe6 32. Nxe5 Rc8 33. Qd6 Re8 34. Qxe6 Rxe6 35. Nxf7+ Kg8 36. Nd8 Rxe2 37.
Nc6 a6 38. a4 g5 39. b5 axb5 40. axb5 g4 41. b6 g3 42. b7 Re8 43. Ne3 Kf7
44. Ng2 Ke6 45. Kd2 Kd6 46. b8=Q+ Rxb8 47. Nxb8 Kd5 48. Kd3 Kc5 49. Ke4 Kd6
50. Na6 Kc6 51. Kd4 Kb6 52. Nc5 Kc6 53. Ne4 Kb6 54. Nc3 Kc6 55. Ne4 Kb6 56.
Nd6 Kc6 57. Nc4 Kb5 58. Kd5 Ka6 59. Kc6 Ka7 60. Nd6 Kb8 61. Kb6 Ka8 62. Nc8
Kb8 63. Na7 Ka8 64. Kc6 1/2-1/2

[Event "ECC"]
[Site "Panormo GRE"]
[Date "2001.09.28"]
[Round "6"]
[White "Macieja,B"]
[Black "Zoler,D"]
[Result "1-0"]
[WhiteElo "2588"]
[BlackElo "2507"]
[EventDate "2001.09.22"]

1. e4 c5 2. Nc3 d6 3. f4 g6 4. Nf3 Bg7 5. Bc4 e6 6. d4 cxd4 7. Nxd4 a6 8.
O-O b5 9. Bb3 Nd7 10. Be3 Nc5 11. e5 Nxb3 12. axb3 Bb7 13. Ndxb5 axb5 14.
Nxb5 Kf8 15. Qxd6+ Qxd6 16. Nxd6 Rxa1 17. Rxa1 Bc6 18. Bc5 Bxe5 19. fxe5
Kg7 20. Ra6 Ne7 21. Nc4 1-0

[Event "ECC"]
[Site "Panormo GRE"]
[Date "2001.09.28"]
[Round "6"]
[White "Palac,M"]
[Black "Schandorff,L"]
[Result "1-0"]
[WhiteElo "2578"]
[BlackElo "2551"]
[EventDate "2001.09.22"]

1. e4 e5 2. Nf3 Nf6 3. Nxe5 d6 4. Nf3 Nxe4 5. d4 d5 6. Bd3 Nc6 7. O-O Be7
8. c4 Nb4 9. Be2 O-O 10. Nc3 Be6 11. Re1 c5 12. Be3 Bf6 13. Rc1 Rc8 14. a3
Nxc3 15. bxc3 Nc6 16. cxd5 Bxd5 17. dxc5 Na5 18. Nd4 Nc4 19. Bxc4 Bxc4 20.
Nf5 Qxd1 21. Rexd1 Bb3 22. Rd2 Ba4 23. Rb2 Rc7 24. Bd4 Re8 25. f3 Re6 26.
Kf2 g6 27. Bxf6 Rxf6 28. Nd6 Bc6 29. Re1 Kf8 30. Re5 b6 31. Nc4 bxc5 32.
Rb8+ Kg7 33. Rxc5 Rd7 34. Ne5 Rdd6 35. Rc8 Bd5 36. R8c7 Rf5 37. Rd7 Rxd7
38. Nxd7 h5 39. Ke3 f6 40. Kd4 Be6 41. Rxf5 Bxf5 42. Nb8 1-0

[Event "ECC"]
[Site "Panormo GRE"]
[Date "2001.09.28"]
[Round "6"]
[White "Meins,G"]
[Black "Gelashvili,T"]
[Result "0-1"]
[WhiteElo "2415"]
[BlackElo "2506"]
[EventDate "2001.09.22"]

1. d4 d6 2. Nf3 g6 3. g3 Bg7 4. Bg2 f5 5. O-O Nf6 6. Nbd2 O-O 7. Re1 Nc6 8.
e4 fxe4 9. Nxe4 Nxe4 10. Rxe4 Bf5 11. Re1 Qd7 12. c3 Kh8 13. Bf4 Rae8 14.
d5 Nd8 15. Nd4 e5 16. dxe6 Nxe6 17. Nxf5 gxf5 18. Be5 Bxe5 19. Rxe5 f4 20.
Bh3 Qf7 21. Rf5 Qg6 22. Qd5 Rg8 23. Re1 c6 24. Rxe6 cxd5 25. Rxg6 hxg6 26.
Rxf4 Re1+ 27. Kg2 g5 28. Rf5 Re5 29. Bg4 Rxf5 30. Bxf5 Re8 31. Kf3 Kg7 32.
Bd3 Re1 33. Bc2 Rh1 34. Bb3 Rxh2 35. Bxd5 b6 36. b4 Rh1 37. Ke3 Rc1 38. Kd2
Rb1 39. Ke3 Kf6 40. Bb3 Re1+ 41. Kd2 Re8 42. a4 Kf5 43. Bd1 Ke4 44. f3+ Ke5
45. Ke3 Kd5+ 46. Kd3 Re1 47. Bb3+ Ke5 48. Kc4 Re3 49. Bd1 d5+ 50. Kb5 Rxc3
51. Ka6 Rc7 0-1

[Event "ECC"]
[Site "Panormo GRE"]
[Date "2001.09.28"]
[Round "6"]
[White "Lastin,A"]
[Black "Bogdanovski,V"]
[Result "1-0"]
[WhiteElo "2628"]
[BlackElo "2430"]
[EventDate "2001.09.22"]

1. Nf3 Nf6 2. c4 e6 3. Nc3 Bb4 4. Qb3 c5 5. g3 Nc6 6. a3 Ba5 7. Bg2 O-O 8.
O-O d5 9. d3 h6 10. Bf4 Bxc3 11. Qxc3 d4 12. Qc2 Re8 13. Ne5 Nxe5 14. Bxe5
Nd7 15. Bf4 e5 16. Bd2 Rb8 17. b4 b6 18. Qa4 a6 19. Rab1 cxb4 20. axb4 Qc7
21. Ra1 Re7 22. Rfc1 Qd8 23. e3 dxe3 24. Bxe3 Nf6 25. h3 Bb7 26. Bxb7 Rexb7
27. Ra3 b5 28. Qa5 Qd7 29. Kh2 bxc4 30. dxc4 Rxb4 31. c5 Rb2 32. c6 Qf5 33.
Ra2 Rxa2 34. Qxa2 Qd3 35. Rc5 Rc8 36. Qb2 Qd6 37. Qb7 Rc7 38. Qxa6 Nd5 39.
Qd3 1-0

[Event "ECC"]
[Site "Panormo GRE"]
[Date "2001.09.28"]
[Round "6"]
[White "Dancevski,O"]
[Black "Filippov,V"]
[Result "1/2-1/2"]
[WhiteElo "2435"]
[BlackElo "2617"]
[EventDate "2001.09.22"]

1. d4 d5 2. c4 e6 3. Nf3 Nf6 4. e3 a6 5. b3 c5 6. Bb2 Nc6 7. Nbd2 b6 8. Bd3
Bb7 9. O-O cxd4 10. exd4 Bd6 11. Rc1 O-O 12. Qe2 Bf4 13. Rcd1 Bh6 14. Rfe1
g6 15. Bb1 Bg7 16. Nf1 dxc4 17. bxc4 b5 18. d5 exd5 19. cxb5 Na5 20. Bd3
axb5 21. Bxb5 Bc6 22. Ne3 Re8 23. Bc3 Ng4 24. Bxc6 Nxc6 25. Rxd5 Qe7 26.
Bxg7 Nxe3 27. Rd3 Nf5 28. Qd2 Qb4 29. Bc3 Rxe1+ 30. Qxe1 Qc4 31. Rd1 h5 32.
Ne5 Qe6 33. Nd7 Qxe1+ 34. Rxe1 Ncd4 35. f3 Rxa2 36. Re8+ Kh7 37. Nf6+ Kh6
38. Bxd4 Nxd4 39. h4 Kg7 40. Nd5 Rd2 41. Ne3 Ne6 42. Rc8 Re2 43. Rc3 Kf6
44. Kf1 Ra2 45. Rc2 Ra1+ 46. Kf2 Nd4 47. Rd2 Ra4 48. Nd5+ Ke5 49. Nc3 Rc4
50. Ne2 Nf5 1/2-1/2

[Event "ECC"]
[Site "Panormo GRE"]
[Date "2001.09.28"]
[Round "6"]
[White "Olafsson,H"]
[Black "Miton,K"]
[Result "1/2-1/2"]
[WhiteElo "2460"]
[BlackElo "2516"]
[EventDate "2001.09.22"]

1. Nf3 f5 2. g3 Nf6 3. Bg2 g6 4. d4 Bg7 5. c4 O-O 6. Nc3 d6 7. O-O Nc6 8.
d5 Ne5 9. Qb3 Ned7 10. Be3 Nc5 11. Qa3 Nce4 12. Nxe4 Nxe4 13. Bd4 Bh6 14.
b3 e5 15. dxe6 Bxe6 16. Rad1 Qe7 17. Ba1 Rf7 18. Qb2 Bg7 19. Qc1 Bxa1 20.
Qxa1 Re8 21. Nd2 Nxd2 22. Rxd2 b6 23. Qd4 Qf6 24. Qxf6 Rxf6 25. f4 Bf7 26.
Kf2 Rfe6 27. Re1 Re3 28. Rd3 Rxd3 29. exd3 Rxe1 30. Kxe1 1/2-1/2

[Event "ECC"]
[Site "Panormo GRE"]
[Date "2001.09.28"]
[Round "6"]
[White "Horvath,Ad"]
[Black "Huzman,A"]
[Result "1/2-1/2"]
[WhiteElo "2504"]
[BlackElo "2571"]
[EventDate "2001.09.22"]

1. e4 e6 2. d4 d5 3. Nc3 Nf6 4. Bg5 dxe4 5. Nxe4 Nbd7 6. Nf3 h6 7. Nxf6+
Nxf6 8. Bh4 c5 9. Bd3 cxd4 10. Nxd4 Bc5 11. Nf3 Bd7 12. O-O Qc7 13. Qe2 Bd6
14. Bg3 Bxg3 1/2-1/2

[Event "ECC"]
[Site "Panormo GRE"]
[Date "2001.09.28"]
[Round "6"]
[White "Greenfeld,A"]
[Black "Groszpeter,A"]
[Result "1-0"]
[WhiteElo "2571"]
[BlackElo "2495"]
[EventDate "2001.09.22"]

1. Nf3 Nf6 2. c4 g6 3. Nc3 d5 4. cxd5 Nxd5 5. Qa4+ Bd7 6. Qb3 Nb6 7. d4 Be6
8. Qc2 Nc6 9. e4 Nb4 10. Qd1 Bg4 11. d5 Bxf3 12. gxf3 Bg7 13. Qb3 a5 14.
Be3 O-O 15. h4 Qd6 16. a3 Na6 17. Rd1 a4 18. Qc2 e6 19. Nb5 Qe5 20. f4 Qxb2
21. Qxb2 Bxb2 22. Rb1 Bg7 23. d6 Nd7 24. Nxc7 Nxc7 25. dxc7 Nf6 26. Rxb7
Rfc8 27. Bb5 Bf8 28. Ke2 Bxa3 29. Ra1 Bf8 30. Rxa4 Rxa4 31. Bxa4 1-0

[Event "ECC"]
[Site "Panormo GRE"]
[Date "2001.09.28"]
[Round "6"]
[White "Horvath,Gy"]
[Black "Golod,V"]
[Result "1/2-1/2"]
[WhiteElo "2441"]
[BlackElo "2514"]
[EventDate "2001.09.22"]

1. Nf3 Nf6 2. c4 g6 3. Nc3 d5 4. cxd5 Nxd5 5. Qa4+ Bd7 6. Qh4 Nxc3 7. dxc3
Nc6 8. e4 e5 9. Bg5 Be7 10. Bxe7 Qxe7 11. Qxe7+ Kxe7 12. O-O-O f6 13. Nd2
Be6 1/2-1/2

[Event "ECC"]
[Site "Panormo GRE"]
[Date "2001.09.28"]
[Round "6"]
[White "Csiszar,C"]
[Black "Tseitlin,Ma"]
[Result "1-0"]
[WhiteElo "2364"]
[BlackElo "2509"]
[EventDate "2001.09.22"]

1. d4 Nf6 2. Nf3 g6 3. Bg5 Bg7 4. e3 O-O 5. Nbd2 d6 6. Bc4 c5 7. c3 Qc7 8.
O-O Nc6 9. a4 b6 10. Re1 Bb7 11. Rc1 e5 12. dxe5 dxe5 13. e4 Nh5 14. Nf1
Kh8 15. Ne3 f6 16. Nd5 Qd6 17. Be3 Rad8 18. Qc2 Na5 19. Ba2 c4 20. Rcd1 Qe6
21. Qe2 Qc6 22. g4 Nf4 23. Bxf4 exf4 24. Nd4 Qd6 25. Bxc4 Nxc4 26. Qxc4 f5
27. Nb5 Qe6 28. Nbc7 Qd6 29. exf5 gxf5 30. Qxf4 Qc6 31. g5 Rf7 32. Re6 Qxc7
33. Re8+ Rxe8 34. Nxc7 Be5 35. Re1 Bxf4 36. Rxe8+ Kg7 37. Ne6+ Kg6 38. Rg8+
Kh5 39. Nxf4+ Kg4 40. Nd3 Re7 41. g6 hxg6 42. Rxg6+ Kh4 43. f4 Re2 44. Ne5
Kh5 45. Rg7 1-0

[Event "ECC"]
[Site "Panormo GRE"]
[Date "2001.09.28"]
[Round "6"]
[White "Azarov,S"]
[Black "Berndt,S"]
[Result "1/2-1/2"]
[WhiteElo "2461"]
[BlackElo "2479"]
[EventDate "2001.09.22"]

1. c4 e6 2. g3 Nf6 3. Bg2 d5 4. Nf3 Be7 5. O-O O-O 6. d4 dxc4 7. Qc2 c5 8.
dxc5 Bxc5 9. Nbd2 Nc6 10. Nxc4 Nb4 11. Qb1 b5 12. Ng5 Nbd5 13. Ne5 h6 14.
Ne4 Nxe4 15. Bxe4 Bb7 16. Nd3 Bb6 17. Bf3 Rc8 18. a4 bxa4 19. Rxa4 Bc6 20.
Rc4 Ne7 21. Bxc6 Nxc6 22. Re1 Qd5 23. b3 Nd4 24. Ba3 Rfd8 25. Nf4 Qb5 26.
Rec1 Rxc4 27. bxc4 Qa6 28. Bb2 e5 29. Bxd4 Rxd4 30. c5 exf4 31. cxb6 axb6
32. Qf5 Rd8 33. Rc7 Rf8 34. Qxf4 Qxe2 35. Rb7 b5 36. Qf5 b4 37. Qb5 Qe1+
38. Qf1 Qe4 39. Qg2 Qc4 40. Qf3 Re8 41. Kg2 Re5 42. Rb8+ Kh7 43. Rb7 Kg6
44. g4 h5 45. h3 Rb5 46. Rxf7 hxg4 47. hxg4 Qxf7 48. Qd3+ Rf5 49. gxf5+ Kh7
50. Kf1 b3 51. f6+ Kh6 52. fxg7 Kxg7 53. Qc3+ Kg6 54. Ke1 Qb7 55. Qd3+ Kg5
56. Qe3+ Kf5 57. Qd3+ Ke5 58. Qe3+ Kd6 59. Qd4+ 1/2-1/2

[Event "ECC"]
[Site "Panormo GRE"]
[Date "2001.09.28"]
[Round "6"]
[White "Litvinov,Vl"]
[Black "Borriss,M"]
[Result "1-0"]
[WhiteElo "2317"]
[BlackElo "2445"]
[EventDate "2001.09.22"]

1. e4 c5 2. Nf3 d6 3. d4 cxd4 4. Nxd4 Nf6 5. Nc3 Nc6 6. Be2 e5 7. Nf3 h6 8.
O-O Be7 9. Re1 O-O 10. h3 Be6 11. Bf1 Nb8 12. Nd5 Nxd5 13. exd5 Bf5 14. c4
Nd7 15. Be3 Bg6 16. b4 b6 17. Rc1 f5 18. c5 f4 19. cxd6 Bf6 20. Bd2 e4 21.
Nh2 Be5 22. Bc3 Bxd6 23. Qg4 Kh7 24. Rxe4 h5 25. Qf3 Bxe4 26. Qxe4+ g6 27.
Bd3 Rf5 28. Qe2 Qf8 29. Qe6 Ne5 30. Bxe5 Bxe5 31. Rc6 Qf7 32. Bxf5 Qxf5 33.
Qxf5 gxf5 34. Nf3 Re8 35. d6 Bb2 36. d7 Rd8 37. Ng5+ 1-0

[Event "ECC"]
[Site "Panormo GRE"]
[Date "2001.09.28"]
[Round "6"]
[White "Poldauf,D"]
[Black "Maljush,A"]
[Result "1/2-1/2"]
[WhiteElo "2403"]
[BlackElo "2312"]
[EventDate "2001.09.22"]

1. c4 e6 2. g3 Nf6 3. Bg2 d5 4. Nf3 Be7 5. O-O O-O 6. d4 dxc4 7. Qc2 c5 8.
dxc5 Bxc5 9. Nbd2 Nc6 10. Nxc4 Nb4 11. Qb1 b5 12. Ng5 Nbd5 13. Ne5 h6 14.
Ne4 Nxe4 15. Bxe4 Bb7 16. Nd3 Bb6 17. Bf3 Rc8 18. a4 bxa4 19. Rxa4 Bc6 20.
Rc4 Ne7 21. Bxc6 Nxc6 22. Re1 Qd5 23. b3 Nd4 24. Ba3 Rfd8 25. Nf4 Qb5 26.
Rec1 Rxc4 27. bxc4 Qa6 28. Bb2 e5 29. Bxd4 Rxd4 30. c5 exf4 31. cxb6 axb6
32. Qf5 Rd8 33. Rc7 Rf8 34. Qxf4 Qxe2 35. Rb7 b5 36. Qf5 b4 37. Qb5 Qe1+
38. Qf1 Qe4 39. Qg2 Qc4 40. Qf3 Re8 41. Kg2 Re5 42. Rb8+ Kh7 43. Rb7 Kg6
44. g4 h5 45. h3 Rb5 46. Rxf7 hxg4 47. hxg4 Qxf7 48. Qd3+ Rf5 49. gxf5+ Kh7
50. Kf1 b3 51. f6+ Kh6 52. fxg7 Kxg7 53. Qc3+ Kg6 54. Ke1 Qb7 55. Qd3+ Kg5
56. Qe3+ Kf5 57. Qd3+ Ke5 58. Qe3+ Kd6 59. Qd4+ Ke6 1/2-1/2

[Event "ECC"]
[Site "Panormo GRE"]
[Date "2001.09.28"]
[Round "6"]
[White "Rudolf,Hen"]
[Black "Bezler,R"]
[Result "1-0"]
[WhiteElo "2328"]
[BlackElo "2278"]
[EventDate "2001.09.22"]

1. e4 c5 2. Nf3 d6 3. d4 cxd4 4. Nxd4 Nf6 5. Nc3 a6 6. Bg5 e6 7. f4 b5 8.
e5 dxe5 9. fxe5 Qc7 10. Qe2 Nfd7 11. O-O-O Bb7 12. Qg4 h5 13. Qh4 Nc6 14.
Bxb5 axb5 15. Ndxb5 Qc8 16. Ne4 Qb8 17. Ned6+ Bxd6 18. Nxd6+ Kf8 19. Nxf7
Kxf7 20. Rxd7+ Kg8 21. Bf6 Rxa2 22. Qg5 1-0

[Event "ECC"]
[Site "Panormo GRE"]
[Date "2001.09.28"]
[Round "6"]
[White "Hall,Je"]
[Black "Bator,R"]
[Result "1/2-1/2"]
[WhiteElo "2501"]
[BlackElo "2403"]
[EventDate "2001.09.22"]

1. d4 d5 2. c4 c6 3. Nc3 dxc4 4. e3 b5 5. a4 b4 6. Nb1 Ba6 7. Qc2 e6 8. Nd2
Nf6 9. Nxc4 c5 10. Nf3 cxd4 11. Nxd4 Bc5 12. Nb3 Be7 13. Be2 O-O 1/2-1/2

[Event "ECC"]
[Site "Panormo GRE"]
[Date "2001.09.28"]
[Round "6"]
[White "Hermansson,E"]
[Black "Pedersen,St"]
[Result "1/2-1/2"]
[WhiteElo "2381"]
[BlackElo "2453"]
[EventDate "2001.09.22"]

1. e4 c5 2. Nf3 d6 3. d4 cxd4 4. Nxd4 Nf6 5. Nc3 a6 6. Be2 e6 7. O-O Qc7 8.
a4 Nc6 9. Be3 Be7 10. f4 O-O 11. Kh1 Re8 12. Bf3 Bd7 13. Nb3 1/2-1/2

[Event "ECC"]
[Site "Panormo GRE"]
[Date "2001.09.28"]
[Round "6"]
[White "Bekker Jensen,S"]
[Black "Hedman,E"]
[Result "1/2-1/2"]
[WhiteElo "2356"]
[BlackElo "2354"]
[EventDate "2001.09.22"]

1. d4 e6 2. c4 Nf6 3. Nc3 Bb4 4. e3 O-O 5. Bd3 c5 6. Nf3 d5 7. O-O cxd4 8.
exd4 dxc4 9. Bxc4 b6 10. Bg5 Bb7 11. Re1 Nbd7 12. Rc1 Rc8 13. Bd3 Rc7 14.
Bf4 Rc8 15. Bg5 Rc7 16. Bf4 1/2-1/2

[Event "ECC"]
[Site "Panormo GRE"]
[Date "2001.09.28"]
[Round "6"]
[White "Sjoberg,M"]
[Black "Hutters,T"]
[Result "1/2-1/2"]
[WhiteElo "2349"]
[BlackElo "2390"]
[EventDate "2001.09.22"]

1. d4 Nf6 2. c4 g6 3. Nc3 Bg7 4. e4 d6 5. Be2 O-O 6. Bg5 h6 7. Be3 c5 8. d5
e6 9. Qd2 exd5 10. exd5 Kh7 11. h3 Re8 12. Bd3 Na6 13. Nf3 Nb4 14. Bb1 Bf5
15. a3 Bxb1 16. Rxb1 Na6 17. O-O Ne4 18. Nxe4 Rxe4 19. Qd3 Re7 20. b4 b6
21. bxc5 Nxc5 22. Qc2 Nd7 23. Nd4 Ne5 24. Bf4 Qe8 25. Rfe1 Nxc4 26. Rxe7
Qxe7 27. Nc6 Nxa3 28. Qd3 Qf6 29. Rb4 a5 30. Re4 Qc3 31. Qe2 Qc2 32. Qf3
Qc3 33. Qxc3 Bxc3 34. Bxd6 Nb5 35. Bb8 Bf6 36. d6 Rxb8 37. Nxb8 Nxd6 38.
Ra4 Kg7 39. Nd7 Bd8 40. Rd4 Bc7 41. Kf1 b5 42. Ke2 a4 43. Kd3 h5 1/2-1/2

[Event "ECC"]
[Site "Panormo GRE"]
[Date "2001.09.28"]
[Round "6"]
[White "Galego,L"]
[Black "Chernin,A"]
[Result "1-0"]
[WhiteElo "2467"]
[BlackElo "2601"]
[EventDate "2001.09.22"]

1. e4 d6 2. d4 Nf6 3. Nc3 g6 4. f3 c6 5. Be3 b5 6. Qd2 Nbd7 7. g4 Nb6 8. b3
Bb7 9. a4 b4 10. Nce2 a5 11. Ng3 Qc7 12. N1e2 e5 13. h4 Nfd7 14. h5 Bg7 15.
Bh6 Bf6 16. Bg5 Qd8 17. Bxf6 Qxf6 18. Bg2 c5 19. g5 Qe7 20. dxe5 dxe5 21.
hxg6 fxg6 22. Bh3 c4 23. Rd1 Rd8 24. Qe3 O-O 25. Kf2 Qc5 26. Be6+ Kh8 27.
Bxd7 Qxe3+ 28. Kxe3 Nxd7 29. f4 cxb3 30. cxb3 Nc5 31. fxe5 Ne6 32. Rxd8
Rxd8 33. Nf4 Nxf4 34. Kxf4 Bc8 35. Rc1 Be6 36. Rc5 Rf8+ 37. Ke3 Ra8 38. Rd5
Kg8 39. Kd4 Kf7 40. Ne2 Rc8 41. Rxa5 Bxb3 42. Ra7+ Ke8 43. a5 Rc2 44. Kd3
Rc6 45. Ke3 Bc4 46. Nd4 Rc5 47. Ra8+ Ke7 48. a6 b3 49. a7 b2 50. Rb8 1-0

[Event "ECC"]
[Site "Panormo GRE"]
[Date "2001.09.28"]
[Round "6"]
[White "Krivonosov,O"]
[Black "Georgiev,Vl"]
[Result "1/2-1/2"]
[WhiteElo "2432"]
[BlackElo "2584"]
[EventDate "2001.09.22"]

1. Nf3 d6 2. d4 Nf6 3. c4 g6 4. Nc3 Bf5 5. Nh4 Bd7 6. e4 Bg7 7. Nf3 O-O 8.
Be2 c5 9. d5 Na6 10. O-O Nc7 11. Bf4 1/2-1/2